Real analysis

Αποθηκεύτηκε σε:
Λεπτομέρειες βιβλιογραφικής εγγραφής
Κύριος συγγραφέας: McShane, E. J. (Edward James), 1904-1989
Άλλοι συγγραφείς: Botts, Truman Arthur, 1917-
Μορφή: Βιβλίο
Γλώσσα:English
Δημοσίευση: Mineola, N.Y. : Dover Publications, 2005.
Θέματα:
Ετικέτες: Προσθήκη ετικέτας
Δεν υπάρχουν, Καταχωρήστε ετικέτα πρώτοι!

MARC

LEADER 00000cam a2200000 a 4500
001 1/113651
008 170405t2005####nyu| ||| |||| ||eng||
020 |a 0486442357 
040 |a GR-MyUa  |b gre  |c GR-MyUa  |e AACR2 
041 0 |a eng 
082 7 |a 515  |2 (23) 
100 1 |a McShane, E. J.   |q (Edward James),   |d 1904-1989. 
245 1 0 |a Real analysis /   |c Edward James McShane and Truman Arthur Botts.  
260 |a Mineola, N.Y. :   |b Dover Publications,   |c 2005.  
300 |a ix, 272 σ. ;   |c 22 εκ.  
504 |a Περιλαμβάνει βιβλιογραφικές αναφορές και ευρετήριο (σ. 261-262).  
650 0 |a Mathematical analysis. 
700 1 |a Botts, Truman Arthur,   |d 1917- 
852 |a INST  |b SAMOS  |e 20170405  |h 515 MCS  |p 005300044431  |q 005300044431  |t BK  |y 0 
970 |a Γουβάλα  |b Βάσω  |z 05-04-2017